000 00566nam a22002177a 4500
003 UA-OsUOA
001 44252
007 ta
008 20070219b un ||||| |||| 00| 0 ukr d
100 _aПанчук Д.
090 _a82
_bП-11
942 _cSA
040 _aUA-OsUOA
_bukr
_cUA-OsUOA
_dUA-OsUOA
245 _aТри музи Уласа Самчука
300 _aС.10
955 _a0
041 _aukr
080 _a82
773 0 _w44251
_tВолинь
_dРівне
_d2007
_g6
650 7 _a82 Література. Літературознавство
_2UDC
999 _c330371
_d330371